000 00947nam a2200265Ia 4500
003 OSt
005 20221005103752.0
006 a|||||r|||| 00| 0
007 ta
008 221004b |||||||| |||| 00| 0 hin d
020 _a8188118435 (hbk)
_cINR 375.00
024 _a42542
037 _bIN-2301, 14/03/2019, Kitab Ghar Prakashan
_cTextual
040 _aCRL
_cCRL
_bhin
041 _2hin
_ahin
082 _aW, 152Q3
100 _aशान्ता कुमार, ले.
245 0 _aराजनीति की शतरंज
246 _aRājanīti kī shataranja
260 _aदिल्ली
_bआर्य प्रकाशन मंडल भारत
_c2013
300 _a251पृ0
_ccm.
650 _aराजनीति विज्ञान
942 _hW, 152Q3
_cTEXL
_2cc
999 _c1010852
_d1010852